00982 2200337 4500001002100000005001500021007000300036008004100039020001800080035002000098040001600118041000800134082001000142084001600152090001800168100003100186245009200217250001300309264003100322300004000353336002100393337003000414338002300444504002900467650002200496700004300518700002900561850001000590990002200600990002200622INLIS00000000000456820260524092133ta260524 0  a979-431-377-7 a0010-0122000200 aSPBUPDbind1 aind a155.4 a155.4 GLE t a160 MUH k 2-61 aGlenn H StephenePengarang1 aTujuh Kiat Mengembangkan Kemampuan Anak /cGlenn H Stephen ;Alih Bahasa, Bosco Carvallo a.-Cet. 1 a.--Jakarta :bArcan,c2002 avii, 249 hal. :billus. ;c14x21 cm 2rdacontentaTeks 2rdamediaaTanpa Perantara 2rdacarrieravolume abibliografi, 246-249 hlm 4aPerkembangan Anak0 aAlih Bahasa, Bosco CarvalloePengarang0 aLilian JuwonoePengarang aPUPAD a1073/BR/KAPD/2011 a1075/BR/KAPD/2011